000 00829nam a2200277Ia 4500
001 Para_7775
003 CHAP
008 220125s1997 xx 000 0 und d
010 _a206775
040 _cCHAP
082 _aPA 574.5 V47
100 _aVera Graziano, Jorge
_9118775
245 _aEcología de poblaciones de insectos /
_c por Jorge Vera Graziano, Víctor Manuel Pinto y José López Collado
260 _aChapingo, Méx. :
_b Universidad Autónoma Chapingo
300 _a132 p.
650 _aEcología de insectos
_935172
700 _aLópez Collado, José
_9165885
700 _aPinto, Víctor Mmanuel
_9173083
901 _aPA 574.5 V47
902 _aA
905 _a0000001997 an 0000000000 00
910 _a1997
942 _cPARA
942 _cPARA
_d1
999 _c206775
_d206775